Every team that has ever qualified for the UEFA Conference League - Statistics

General Stats
  • This quiz has been taken 8 times
  • The average score is 42 of 121
Answer Stats
Hint Answer % Correct
Belgium ๐Ÿ‡ง๐Ÿ‡ช (2022โ€“23) Anderlecht
100%
Austria ๐Ÿ‡ฆ๐Ÿ‡น (2022-23) Austria Wien
100%
England ๐Ÿด๓ ง๓ ข๓ ฅ๓ ฎ๓ ง๓ ฟ (2024โ€“25) Chelsea
100%
Denmark ๐Ÿ‡ฉ๐Ÿ‡ฐ (2021โ€“22, 2024โ€“25) Copenhagen
100%
Turkey ๐Ÿ‡น๐Ÿ‡ท (2023โ€“24) Fenerbahรงe
100%
Italy ๐Ÿ‡ฎ๐Ÿ‡น (2022โ€“23, 2023โ€“24, 2024โ€“25, 2025โ€“26) Fiorentina
100%
Belgium ๐Ÿ‡ง๐Ÿ‡ช (2023โ€“24) Genk
100%
Belgium ๐Ÿ‡ง๐Ÿ‡ช (2021โ€“22, 2022โ€“23, 2023โ€“24, 2024โ€“25) Gent
100%
Greece ๐Ÿ‡ฌ๐Ÿ‡ท (2025โ€“26) AEK Athens
83%
England ๐Ÿด๓ ง๓ ข๓ ฅ๓ ฎ๓ ง๓ ฟ (2023โ€“24) Aston Villa
83%
Belgium ๐Ÿ‡ง๐Ÿ‡ช (2023โ€“24) Club Brugge
83%
Ukraine ๐Ÿ‡บ๐Ÿ‡ฆ (2025โ€“26) Dynamo Kyiv
83%
Israel ๐Ÿ‡ฎ๐Ÿ‡ฑ (2021โ€“22) Maccabi Haifa
83%
Israel ๐Ÿ‡ฎ๐Ÿ‡ฑ (2021โ€“22, 2023โ€“24) Maccabi Tel Aviv
83%
Italy ๐Ÿ‡ฎ๐Ÿ‡น (2021โ€“22) Roma
83%
Kazakhstan ๐Ÿ‡ฐ๐Ÿ‡ฟ (2023โ€“24, 2024โ€“25) Astana
67%
Netherlands ๐Ÿ‡ณ๐Ÿ‡ฑ (2021โ€“22, 2022โ€“23, 2023โ€“24, 2025โ€“26) AZ
67%
Switzerland๐Ÿ‡จ๐Ÿ‡ญ (2021โ€“22, 2022โ€“23) Basel
67%
Turkey ๐Ÿ‡น๐Ÿ‡ท (2023โ€“24) BeลŸiktaลŸ
67%
England ๐Ÿด๓ ง๓ ข๓ ฅ๓ ฎ๓ ง๓ ฟ (2025โ€“26) Crystal Palace
67%
Germany ๐Ÿ‡ฉ๐Ÿ‡ช (2023โ€“24) Eintracht Frankfurt
67%
Hungary ๐Ÿ‡ญ๐Ÿ‡บ (2023โ€“24) Ferencvรกros
67%
France ๐Ÿ‡ซ๐Ÿ‡ท (2023โ€“24) Lille
67%
France ๐Ÿ‡ซ๐Ÿ‡ท (2022โ€“23) Nice
67%
Greece ๐Ÿ‡ฌ๐Ÿ‡ท (2024โ€“25) Panathinaikos
67%
Serbia ๐Ÿ‡ท๐Ÿ‡ธ (2021โ€“22, 2022โ€“23) Partizan
67%
France ๐Ÿ‡ซ๐Ÿ‡ท (2025โ€“26) Strasbourg
67%
England ๐Ÿด๓ ง๓ ข๓ ฅ๓ ฎ๓ ง๓ ฟ (2021โ€“22) Tottenham Hotspur
67%
Cyprus ๐Ÿ‡จ๐Ÿ‡พ (2024โ€“25) APOEL
50%
Norway ๐Ÿ‡ณ๐Ÿ‡ด (2021โ€“22, 2023โ€“24) Bodรธ/Glimt
50%
Croatia ๐Ÿ‡ญ๐Ÿ‡ท (2023โ€“24) Dinamo Zagreb
50%
Netherlands ๐Ÿ‡ณ๐Ÿ‡ฑ (2021โ€“22) Feyenoord
50%
Finland ๐Ÿ‡ซ๐Ÿ‡ฎ (2021โ€“22, 2023โ€“24, 2024โ€“25) HJK
50%
Kazakhstan ๐Ÿ‡ฐ๐Ÿ‡ฟ (2021โ€“22) Kairat
50%
Austria ๐Ÿ‡ฆ๐Ÿ‡น (2021-22, 2024-25) LASK
50%
Gibraltar ๐Ÿ‡ฌ๐Ÿ‡ฎ (2021โ€“22, 2025โ€“26) Lincoln Red Imps
50%
Germany ๐Ÿ‡ฉ๐Ÿ‡ช (2025โ€“26) Mainz 05
50%
Greece ๐Ÿ‡ฌ๐Ÿ‡ท (2021โ€“22, 2023โ€“24) PAOK
50%
Azerbaijan ๐Ÿ‡ฆ๐Ÿ‡ฟ (2021-22) QarabaฤŸ
50%
Spain ๐Ÿ‡ช๐Ÿ‡ธ (2025โ€“26) Rayo Vallecano
50%
Spain ๐Ÿ‡ช๐Ÿ‡ธ (2024โ€“25) Real Betis
50%
France๐Ÿ‡ซ๐Ÿ‡ท (2021โ€“22) Rennes
50%
Turkey ๐Ÿ‡น๐Ÿ‡ท (2025โ€“26) Samsunspor
50%
Slovakia ๐Ÿ‡ธ๐Ÿ‡ฐ (2021โ€“22, 2022โ€“23, 2023โ€“24, 2025โ€“26) Slovan Bratislava
50%
Czech Republic ๐Ÿ‡จ๐Ÿ‡ฟ (2025โ€“26) Sparta Prague
50%
Germany ๐Ÿ‡ฉ๐Ÿ‡ช (2021โ€“22) Union Berlin
50%
Spain ๐Ÿ‡ช๐Ÿ‡ธ (2022โ€“23) Villarreal
50%
England ๐Ÿด๓ ง๓ ข๓ ฅ๓ ฎ๓ ง๓ ฟ (2022โ€“23) West Ham United
50%
Scotland ๐Ÿด๓ ง๓ ข๓ ณ๓ ฃ๓ ด๓ ฟ (2023โ€“24, 2025โ€“26) Aberdeen
33%
Iceland ๐Ÿ‡ฎ๐Ÿ‡ธ (2023โ€“24, 2025โ€“26) Breiรฐablik
33%
Bulgaria ๐Ÿ‡ง๐Ÿ‡ฌ (2021โ€“22) CSKA Sofia
33%
Belarus ๐Ÿ‡ง๐Ÿ‡พ (2024-25) Dinamo Minsk
33%
Germany ๐Ÿ‡ฉ๐Ÿ‡ช (2024โ€“25) FC Heidenheim
33%
Romania ๐Ÿ‡ท๐Ÿ‡ด (2022โ€“23) FCSB
33%
Sweden ๐Ÿ‡ธ๐Ÿ‡ช (2025โ€“26) Hรคcken
33%
Poland ๐Ÿ‡ต๐Ÿ‡ฑ (2023โ€“24, 2024โ€“25, 2025โ€“26) Legia Warsaw
33%
Norway ๐Ÿ‡ณ๐Ÿ‡ด (2022โ€“23, 2024โ€“25) Molde
33%
Cyprus ๐Ÿ‡จ๐Ÿ‡พ (2024โ€“25) Pafos
33%
Czech Republic ๐Ÿ‡จ๐Ÿ‡ฟ (2021โ€“22, 2022โ€“23) Slavia Prague
33%
Switzerland๐Ÿ‡จ๐Ÿ‡ญ (2024โ€“25) St. Gallen
33%
Wales ๐Ÿด๓ ง๓ ข๓ ท๓ ฌ๓ ณ๓ ฟ (2024โ€“25) The New Saints
33%
Czech Republic ๐Ÿ‡จ๐Ÿ‡ฟ (2023โ€“24) Viktoria Plzeลˆ
33%
Cyprus ๐Ÿ‡จ๐Ÿ‡พ (2021โ€“22) Anorthosis
17%
Cyprus ๐Ÿ‡จ๐Ÿ‡พ (2022โ€“23) Apollon Limassol
17%
Kosovo ๐Ÿ‡ฝ๐Ÿ‡ฐ (2022โ€“23, 2023โ€“24) Ballkani
17%
Slovenia ๐Ÿ‡ธ๐Ÿ‡ฎ (2024โ€“25, 2025โ€“26) Celje
17%
Belgium ๐Ÿ‡ง๐Ÿ‡ช (2024โ€“25) Cercle Brugge
17%
Ukraine ๐Ÿ‡บ๐Ÿ‡ฆ (2022โ€“23) Dnipro-1
17%
Kosovo ๐Ÿ‡ฝ๐Ÿ‡ฐ (2025โ€“26) Drita
17%
Estonia ๐Ÿ‡ช๐Ÿ‡ช (2021โ€“22) Flora
17%
Malta ๐Ÿ‡ฒ๐Ÿ‡น (2025โ€“26) Hamrun Spartans
17%
Israel ๐Ÿ‡ฎ๐Ÿ‡ฑ (2022โ€“23) Hapoel Be'er Sheva
17%
Czech Republic ๐Ÿ‡จ๐Ÿ‡ฟ (2021โ€“22) Jablonec
17%
Faroe Islands ๐Ÿ‡ซ๐Ÿ‡ด (2023โ€“24) Kร Klaksvik
17%
Finland ๐Ÿ‡ซ๐Ÿ‡ฎ (2025โ€“26) KuPS
17%
Northern Ireland ๐Ÿ‡ฌ๐Ÿ‡ง (2024โ€“25) Larne
17%
Poland ๐Ÿ‡ต๐Ÿ‡ฑ (2022โ€“23, 2025โ€“26) Lech Poznaล„
17%
Switzerland๐Ÿ‡จ๐Ÿ‡ญ (2023โ€“24, 2024โ€“25) Lugano
17%
Slovenia ๐Ÿ‡ธ๐Ÿ‡ฎ (2021โ€“22) Mura
17%
Armenia ๐Ÿ‡ฆ๐Ÿ‡ฒ (2024-25, 2025-26) Noah
17%
Cyprus ๐Ÿ‡จ๐Ÿ‡พ (2021โ€“22, 2024โ€“25, 2025โ€“26) Omonia
17%
Latvia ๐Ÿ‡ฑ๐Ÿ‡ป (2022โ€“23) RFS
17%
Croatia ๐Ÿ‡ญ๐Ÿ‡ท (2025โ€“26) Rijeka
17%
Republic of Ireland ๐Ÿ‡ฎ๐Ÿ‡ช (2022โ€“23, 2024โ€“25, 2025โ€“26) Shamrock Rovers
17%
Serbia ๐Ÿ‡ท๐Ÿ‡ธ (2024โ€“25) TSC
17%
Liechtenstein ๐Ÿ‡ฑ๐Ÿ‡ฎ (2022โ€“23) Vaduz
17%
Iceland ๐Ÿ‡ฎ๐Ÿ‡ธ (2024โ€“25) Vรญkingur Reykjavรญk
17%
Bosnia and Herzegovina ๐Ÿ‡ง๐Ÿ‡ฆ (2023โ€“24, 2025โ€“26) Zrinjski Mostar
17%
Cyprus ๐Ÿ‡จ๐Ÿ‡พ (2025โ€“26) AEK Larnaca
0%
Armenia ๐Ÿ‡ฆ๐Ÿ‡ฒ (2021-22) Alashkert
0%
Bosnia and Herzegovina ๐Ÿ‡ง๐Ÿ‡ฆ (2024โ€“25) Borac Banja Luka
0%
Romania ๐Ÿ‡ท๐Ÿ‡ด (2021โ€“22, 2022โ€“23) CFR Cluj
0%
Serbia ๐Ÿ‡ท๐Ÿ‡ธ (2023โ€“24) ฤŒukariฤki
0%
Sweden ๐Ÿ‡ธ๐Ÿ‡ช (2022โ€“23, 2024โ€“25) Djurgรฅrdens IF
0%
Germany ๐Ÿ‡ฉ๐Ÿ‡ช (2022โ€“23) FC Kรถln
0%
Scotland ๐Ÿด๓ ง๓ ข๓ ณ๓ ฃ๓ ด๓ ฟ (2022โ€“23, 2024โ€“25) Heart of Midlothian
0%
Turkey ๐Ÿ‡น๐Ÿ‡ท (2022โ€“23, 2024โ€“25) ฤฐstanbul BaลŸakลŸehir
0%
Poland ๐Ÿ‡ต๐Ÿ‡ฑ (2024โ€“25, 2025โ€“26) Jagiellonia Biaล‚ystok
0%
Switzerland๐Ÿ‡จ๐Ÿ‡ญ (2025โ€“26) Lausanne-Sport
0%
Bulgria ๐Ÿ‡ง๐Ÿ‡ฌ (2023โ€“24) Ludogorets Razgrad
0%
Czech Republic ๐Ÿ‡จ๐Ÿ‡ฟ (2024โ€“25) Mladรก Boleslav
0%
Denmark ๐Ÿ‡ฉ๐Ÿ‡ฐ (2023โ€“24) Nordsjรฆlland
0%
Slovenia ๐Ÿ‡ธ๐Ÿ‡ฎ (2023โ€“24, 2024โ€“25) Olimpija Ljubljana
0%
Moldova ๐Ÿ‡ฒ๐Ÿ‡ฉ (2024โ€“25) Petrocub Hรฎnceศ™ti
0%
Armenia ๐Ÿ‡ฆ๐Ÿ‡ฒ (2022-23) Pyunik
0%
Poland ๐Ÿ‡ต๐Ÿ‡ฑ (2025โ€“26) Rakรณw Czฤ™stochowa
0%
Denmark ๐Ÿ‡ฉ๐Ÿ‡ฐ (2021โ€“22) Randers
0%
Austria ๐Ÿ‡ฆ๐Ÿ‡น (2024-25, 2025-26) Rapin Wien
0%
Ukraine ๐Ÿ‡บ๐Ÿ‡ฆ (2025โ€“26) Shakthar Donetsk
0%
Republic of Ireland ๐Ÿ‡ฎ๐Ÿ‡ช (2025โ€“26) Shelbourne
0%
North Macedonia ๐Ÿ‡ฒ๐Ÿ‡ฐ (2025โ€“26) Shkรซndija
0%
Czech Republic ๐Ÿ‡จ๐Ÿ‡ฟ (2025โ€“26) Sigma Olomouc
0%
Denmark ๐Ÿ‡ฉ๐Ÿ‡ฐ (2022โ€“23) Silkeborg
0%
Turkey ๐Ÿ‡น๐Ÿ‡ท (2022โ€“23) Sivasspor
0%
Czech Republic ๐Ÿ‡จ๐Ÿ‡ฟ (2022โ€“23) Slovรกcko
0%
Slovakia ๐Ÿ‡ธ๐Ÿ‡ฐ (2023โ€“24) Spartak Trnava
0%
Romania ๐Ÿ‡ท๐Ÿ‡ด (2025โ€“26) Universitatea Craiova
0%
Netherlands ๐Ÿ‡ณ๐Ÿ‡ฑ (2021โ€“22) Vitesse
0%
Portugal ๐Ÿ‡ต๐Ÿ‡น (2024โ€“25) Vitรณria de Guimarรฃes
0%
Lithuania ๐Ÿ‡ฑ๐Ÿ‡น (2022โ€“23) ลฝalgiris Vilnius
0%
Ukraine ๐Ÿ‡บ๐Ÿ‡ฆ (2021โ€“22, 2023โ€“24) Zorya Luhansk
0%
No matching quizzes found
Score Distribution
Percent of People with Each Score
Percentile by Number Answered
Your Score History
You have not taken this quiz